| 000 | 01207nam0a22002531 4500 | ||
|---|---|---|---|
| 001 | rc\3262864 | ||
| 005 | 20260407130949.0 | ||
| 021 |
_aRU _bРг5389-70 |
||
| 035 | _a(NLR Aleph) 007387855 | ||
| 090 |
_a6578465 _c6578465 |
||
| 100 | _a20130115d1969 |||y0rusy50 ca | ||
| 101 | 0 | _arus | |
| 102 | _aRU | ||
| 105 | _aa c ||||| | ||
| 200 | 1 |
_aУказания по организации монтажа полносборных зданий с транспортных средств _e(ВСН-34-68) _e[Утв. 26/XII 1968 г.] _fОрдена Ленина Гл. упр. по жилищному и гражд. строительству в г. Москве. Главмосстрой при Мосгорисполкоме. Техн. упр. |
|
| 210 |
_aМосква _cБ. и. _d1969 |
||
| 215 |
_a39 с. _cил. _d21 |
||
| 300 | _aВзамен ВСН-21-61 | ||
| 712 | 0 | 2 |
_aМосковское главное управление по жилищному и гражданскому строительству _bТехническое управление _3RU\NLR\AUTH\889980105 _9456499 |
| 801 | 0 |
_aRU _bNLR _gpsbo |
|
| 801 | 1 |
_aRU _bELAR _2rusmarc |
|
| 852 |
_aNLR _jПт 80/117-34-68 |
||
| 942 | _cBOOK | ||
| 980 | _aNB | ||